Statistics for Name ALL of Stereophonics' Songs!

Click here to take the quiz!

General Stats

  • This quiz has been taken 114 times
    (110 since last reset)
  • The average score is 42 of 117

Answer Stats

AlbumTrack No.Answer% Correct
Language.Sex.Violence.Other?5Dakota
90%
Word Gets Around1A Thousand Trees
80%
Word Gets Around4Local Boy in the Photograph
65%
Just Enough Education to Perform10Maybe
65%
Keep the Village Alive1C'est La Vie
64%
Just Enough Education to Perform7Handbags and Gladrags
64%
Just Enough Education to Perform5Have a Nice Day
64%
Word Gets Around5Traffic
61%
Word Gets Around3More Life in a Tramps Vest
59%
Just Enough Education to Perform3Mr. Writer
58%
Language.Sex.Violence.Other?1Superman
58%
Performance and Cocktails5Just Looking
57%
Graffiti on the Train3Indian Summer
55%
You Gotta Go There to Come Back2Maybe Tomorrow
55%
Performance and Cocktails2The Bartender and the Thief
55%
Keep the Village Alive10Mr and Mrs Smith
54%
Word Gets Around10Goldfish Bowl
52%
Performance and Cocktails3Hurry Up and Wait
49%
Word Gets Around12Billy Davey's Daughter
48%
Graffiti on the Train2Graffiti on the Train
48%
Keep the Village Alive4I Wanna Get Lost With You
48%
Just Enough Education to Perform4Step on My Old Size Nines
48%
Performance and Cocktails7I Wouldn't Believe Your Radio
46%
Scream Above The Sounds4Geronimo
43%
Word Gets Around2Looks Like Chaplin
43%
Just Enough Education to Perform1Vegas Two Times
43%
Scream Above The Sounds1Caught By The Wind
42%
Word Gets Around7Check My Eyelids For Holes
42%
Performance and Cocktails1Roll Up and Shine
42%
Performance and Cocktails10A Minute Longer
41%
Performance and Cocktails13I Stopped to Fill My Car Up
41%
Just Enough Education to Perform12Rooftop
41%
Word Gets Around8Same Size Feet
41%
Scream Above The Sounds5All In One Night
39%
Performance and Cocktails9Is Yesterday, Tomorrow, Today?
39%
Pull the Pin3It Means Nothing
39%
Language.Sex.Violence.Other?9Lolita
39%
Word Gets Around11Too Many Sandwiches
39%
You Gotta Go There to Come Back11Rainbows and Pots of Gold
38%
Pull the Pin9Bright Red Star
36%
Pull the Pin5Daisy Lane
36%
Language.Sex.Violence.Other?4Devil
36%
Language.Sex.Violence.Other?2Doorman
36%
Just Enough Education to Perform9Everyday I Think of Money
36%
Performance and Cocktails6Half the Lies You Tell Ain't True
36%
Performance and Cocktails4Pick a Part That's New
36%
Language.Sex.Violence.Other?6Rewind
36%
Just Enough Education to Perform11Caravan Holiday
35%
Just Enough Education to Perform6Nice to Be Out
35%
Keep Calm and Carry On5Could You Be The One?
33%
Scream Above The Sounds11Elevators
33%
You Gotta Go There to Come Back3Madame Helga
33%
Word Gets Around6Not Up to You
33%
Performance and Cocktails12Plastic California
33%
Scream Above The Sounds2Taken A Tumble
33%
Keep the Village Alive2White Lies
33%
Graffiti on the Train8Been Caught Cheating
32%
Scream Above The Sounds6Chances Are
32%
Language.Sex.Violence.Other?8Girl
32%
Language.Sex.Violence.Other?7Pedalpusher
32%
Keep Calm and Carry On1She's Alright
32%
Performance and Cocktails11She Takes Her Clothes Off
32%
Pull the Pin1Soldiers Make Good Targets
32%
Keep Calm and Carry On3Beerbottle
30%
Pull the Pin12Drowning
30%
Language.Sex.Violence.Other?11Feel
30%
You Gotta Go There to Come Back6Getaway
30%
You Gotta Go There to Come Back9I'm Alright (You Gotta Go There to Come Back)
30%
Pull the Pin10Ladyluck
30%
Just Enough Education to Perform2Lying in the Sun
30%
Pull the Pin6Stone
30%
Keep the Village Alive8Sunny
30%
Keep Calm and Carry On7Uppercut
30%
Graffiti on the Train1We Share the Same Sun
30%
Scream Above The Sounds3What's All The Fuss About?
30%
You Gotta Go There to Come Back5You Stole My Money Honey
30%
Language.Sex.Violence.Other?3Brother
29%
You Gotta Go There to Come Back7Climbing the Wall
29%
Language.Sex.Violence.Other?10Deadhead
29%
You Gotta Go There to Come Back1Help Me (She's Out of Her Mind)
29%
Word Gets Around9Last of the Big Time Drinkers
29%
You Gotta Go There to Come Back10Nothing Precious At All
29%
You Gotta Go There to Come Back14Since I Told You It's Over
29%
Keep Calm and Carry On4Trouble
29%
Graffiti on the Train7Violins and Tambourines
29%
Scream Above The Sounds8Would You Believe?
29%
Pull the Pin4Bank Holiday Monday
28%
Scream Above The Sounds7Before Anyone Knew Our Name
28%
Pull the Pin11Crush
28%
You Gotta Go There to Come Back4Moviestar
28%
Pull the Pin7My Friends
28%
Graffiti on the Train6Roll the Dice
28%
Keep Calm and Carry On12Show Me How
28%
Keep the Village Alive3Sing Little Sister
28%
Performance and Cocktails8T-Shirt Sun Tan
28%
Just Enough Education to Perform8Watch Them Fly Sundays
28%
Keep Calm and Carry On10Wonder
28%
Scream Above The Sounds10Boy On A Bike
26%
Scream Above The Sounds9Cryin' In Your Beer
26%
Graffiti on the Train9In a Moment
26%
You Gotta Go There to Come Back8Jealousy
26%
Keep Calm and Carry On8Live 'n' Love
26%
Keep Calm and Carry On11Stuck In a Rut
26%
You Gotta Go There to Come Back13High as the Ceiling
25%
Keep the Village Alive9Into the World
25%
Graffiti on the Train5Catacomb
23%
Keep Calm and Carry On2Innocent
23%
Pull the Pin2Pass the Buck
22%
Keep the Village Alive6Fight or Flight
20%
Keep Calm and Carry On6I Got Your Number
20%
You Gotta Go There to Come Back12I Miss You Now
20%
Keep the Village Alive7My Hero
19%
Keep the Village Alive5Song for the Summer
19%
Keep Calm and Carry On9100mph
17%
Pull the Pin8I Could Lose Ya
16%
Graffiti on the Train10No-one's Perfect
14%
Graffiti on the Train4Take Me
13%

Score Distribution

Percentile by Number Answered

Percent of People with Each Score

Your Score History

You have not taken this quiz since the last reset